| 000 | 00683nam a2200217Ia 4500 | ||
|---|---|---|---|
| 003 | GCL | ||
| 005 | 20240530110857.0 | ||
| 008 | 140319s9999 xx 000 0 ara d | ||
| 040 |
_aGCL / _cGCL |
||
| 082 | 0 | 4 |
_a956.9 _bج ف |
| 100 | 1 | _aجارودى ، رجاء | |
| 245 | 1 | 0 |
_aفلسطين ارض الرسالات الالهية / _cرجاء جارودى |
| 260 |
_aالقاهرة : _bنهضة مصر ، |
||
| 300 | _a546 ص | ||
| 490 |
_aالهيئة العامة للاستعلامات _v0 |
||
| 650 | 0 | 4 | _aتاريخ |
| 650 | 0 | 4 | _aفلسطين |
| 650 | 0 | 4 | _aفلسطين - تاريخ |
| 700 | 1 |
_aعبدالصبور شاهين _eمترجم ومعلق |
|
| 942 |
_2ddc _cBK |
||
| 999 |
_c66061 _d66061 |
||